00351nam a2200133Ia 4500008004000000020001800040082001500058100001900073245004600092260003900138300000800177650001200185700002000197210210b2002 xxu||||| |||| 00| 0 eng d a81 7096 990 5 a595.7 AROI aARORA (Ramesh) aInsects: diversity habits and management. aLudhianabKalyani Publishersc2002 a161 aInsects aDHALIWAL (G S).